000 00385 a2200157 4500
003 Nust
005 20230208142949.0
040 _cNust
082 _a954.6,MAT
100 _aBerkely Mather
_9108742
245 _aThe Pass beyond kashmir /
_cBerkely Mather
260 _aLondon
_bSt James place
_c1960
300 _a320 pages
538 _aAlmirah No.63 Shelf No.1
942 _2ddc
_cBK
999 _c194040
_d194040